000 00434nam a2200181Ia 4500
003 OSt
005 20260509111632.0
008 250729s2009 xx 000 0 und d
040 _cAL
041 _aeng
082 _a420.25 SHAF
100 _aDr.R.A.Sharma
_9231465
245 _aFundamental of teaching english
260 _aMeerut
_bR Lall Book Depot
_c2009
300 _a604p
650 _aEnglish
_9231466
942 _2ddc
_cBED
999 _c239295
_d239295